000 004540000a22001810004500
003 MACL
005 20160122154737.0
008 160122b xxu||||| |||| 00| 0 eng d
040 _aMACL
_cMACL
041 _aEnglish
082 _a824/BHA
100 _aBhat, J.L.
_934134
245 _aChoicest Essays For College & Competitive Exams
260 _bKumar Publication
_aNew Delhi
350 _a65
650 _aEssays
_934135
942 _cBK
_k824/Bha
_2ddc
999 _c32277
_d32277